[Event "Gwent-ch"]
[Site "Pontypool"]
[Date "2002.09.22"]
[Round "5"]
[White "Heath, B."]
[Black "Varley, Peter"]
[Result "0-1"]
[WhiteElo "1695"]
[BlackElo "2188"]
[PlyCount "67"]
[EventDate "2002.09.21"]
[EventType "swiss"]
[EventRounds "5"]
[EventCountry "WLS"]
[SourceTitle "EXT 2006"]
[Source "ChessBase"]
[SourceDate "2005.11.24"]
[SourceVersion "1"]
[SourceVersionDate "2005.11.24"]
[SourceQuality "1"]

1. c4 d6 2. Nf3 e5 3. d4 e4 4. Ng5 f5 5. f3 Be7 6. Nh3 Nf6 7. Nc3 exf3 8. exf3 0-0 9. Bd3 c6 10. 0-0 Re8 11. Qc2 g6 12. Bg5 Na6 13. a3 Nc7 14. d5 cxd5 15. Bxf6 Bxf6 16. Nxd5 Nxd5 17. cxd5 Qb6+ 18. Kh1 Qxb2 19. Ra2 Qxc2 20. Rxc2 Bd8 21. Bb5 Re7 22. Rfc1 Bd7 23. Bxd7 Rxd7 24. Rc8 Rxc8 25. Rxc8 Kf7 26. g3 g5 27. Kg2 h6 28. Ng1 Bb6 29. Rc3 Re7 30. Kf1 Ba5 31. Rb3 Rc7 32. Ne2 Kf6 33. f4 Bb6 34. Rd3 0-1